000 00541agd a2200205 4500
005 20170607121541.0
008 150610b xxu||||| |||| 00| 0 spa d
041 _aEspañol
082 _a242 DVD
100 _aTschohl, John
_95947
245 _aEl arte de satisfacer a los clientes
260 _aMéxico
260 _bService Quality Institute
260 _c2004
300 _a19 minutos
650 _aSERVICIO AL CLIENTE
_91558
650 _aSATISFACCIÓN AL CLIENTE
_942987
650 _aVENTAJA COMPETITIVA
_92532
942 _cDVD
999 _c9530
_d9530